00273nam a22001217a 4500008004100000020001800041041000800059080000700067082000700074100000700081101000800088245005500096210514b ||||| |||| 00| 0 eng d a9780801331602 aeng a82 a82 a21 aGJL aThe Longman Anthology of Short FictioncDana Gioia